[Event "Muensterland Verbandsklasse-B 0607"]
[Site "Germany"]
[Date "2007.04.21"]
[Round "8.2"]
[White "Kaufhold, Thomas"]
[Black "Wucherpfennig, Stefan"]
[Result "1-0"]
[WhiteElo "2006"]
[BlackElo "1901"]
[PlyCount "57"]
[EventDate "2006.09.23"]
[EventType "team"]
[EventRounds "9"]
[EventCountry "GER"]
[SourceTitle "EXT 2008"]
[Source "ChessBase"]
[SourceDate "2007.11.25"]
[SourceVersion "1"]
[SourceVersionDate "2007.11.25"]
[SourceQuality "1"]
[WhiteTeam "Muenster SK III"]
[BlackTeam "Luedinghausen"]
[WhiteTeamCountry "GER"]
[BlackTeamCountry "GER"]

1. d4 Nf6 2. c4 e6 3. Nf3 b6 4. g3 Ba6 5. b3 Bb4+ 6. Bd2 Be7 7. Bg2 c6 8. 0-0 d5 9. Ne5 Nfd7 10. Nxd7 Nxd7 11. Bc3 0-0 12. Nd2 f5 13. b4 Nf6 14. a4 b5 15. axb5 Bb7 16. bxc6 Bxc6 17. b5 Be8 18. Ra6 Qd7 19. Qa4 Ne4 20. Nxe4 fxe4 21. Rb1 Bg6 22. e3 dxc4 23. Qxc4 Qd5 24. Qxd5 exd5 25. Rba1 Rac8 26. Be1 Rc2 27. Rxa7 Bd8 28. Bh3 Bf7 29. Bb4 1-0

[Event "Muensterland Verbandsklasse-B 0607"]
[Site "Germany"]
[Date "2007.01.20"]
[Round "5.2"]
[White "Werremeyer, Achim"]
[Black "Kaufhold, Thomas"]
[Result "1/2-1/2"]
[WhiteElo "1772"]
[BlackElo "2006"]
[PlyCount "82"]
[EventDate "2006.09.23"]
[EventType "team"]
[EventRounds "9"]
[EventCountry "GER"]
[SourceTitle "EXT 2008"]
[Source "ChessBase"]
[SourceDate "2007.11.25"]
[SourceVersion "1"]
[SourceVersionDate "2007.11.25"]
[SourceQuality "1"]
[WhiteTeam "Westerkappeln"]
[BlackTeam "Muenster SK III"]
[WhiteTeamCountry "GER"]
[BlackTeamCountry "GER"]

1. Nf3 Nf6 2. g3 g6 3. Bg2 Bg7 4. 0-0 0-0 5. c4 d6 6. d4 Nbd7 7. Nc3 c6 8. e4 Qb6 9. h3 e5 10. d5 c5 11. Rb1 Ne8 12. Nh4 f5 13. f4 exf4 14. Bxf4 Ne5 15. Qe2 Qb4 16. Bxe5 Bxe5 17. Rf3 Ng7 18. Rbf1 Bd7 19. a3 Qb6 20. Qd2 Rae8 21. exf5 Nxf5 22. Nxf5 Rxf5 23. Rxf5 Bxf5 24. g4 Bd7 25. Ne4 Qd8 26. Qh6 Rf8 27. Ng5 Rxf1+ 28. Bxf1 Qe7 29. Ne6 Bxe6 30. dxe6 Qxe6 31. Qd2 Bd4+ 32. Kh1 Qe5 33. b4 Qg3 34. Qg2 Qxa3 35. bxc5 Qxc5 36. Qxb7 a5 37. Qd5+ Kg7 38. Qe4 Be5 39. Qa8 Qb6 40. Qe8 Qe3 41. Qe7+ Kg8 1/2-1/2

[Event "Muensterland Verbandsklasse-B 0607"]
[Site "Germany"]
[Date "2006.12.09"]
[Round "4.2"]
[White "Kaufhold, Thomas"]
[Black "Kluczka, Konrad"]
[Result "1-0"]
[WhiteElo "2006"]
[BlackElo "1867"]
[PlyCount "49"]
[EventDate "2006.09.23"]
[EventType "team"]
[EventRounds "9"]
[EventCountry "GER"]
[SourceTitle "EXT 2008"]
[Source "ChessBase"]
[SourceDate "2007.11.25"]
[SourceVersion "1"]
[SourceVersionDate "2007.11.25"]
[SourceQuality "1"]
[WhiteTeam "Muenster SK III"]
[BlackTeam "Nienberge"]
[WhiteTeamCountry "GER"]
[BlackTeamCountry "GER"]

1. d4 Nf6 2. c4 g6 3. Nc3 Bg7 4. e4 d6 5. f3 Nbd7 6. Be3 c5 7. d5 0-0 8. Qd2 Ne8 9. 0-0-0 Ne5 10. Be2 f5 11. exf5 Bxf5 12. g4 Bd7 13. h3 Qa5 14. f4 Nf7 15. h4 e5 16. f5 gxf5 17. gxf5 Nf6 18. Nh3 Kh8 19. Ng5 Bxf5 20. Ne6 Bxe6 21. dxe6 Nd8 22. e7 Re8 23. exd8Q Raxd8 24. Kb1 a6 25. Bg5 1-0

[Event "Muensterland Verbandsklasse-B 0607"]
[Site "Germany"]
[Date "2006.10.21"]
[Round "2.2"]
[White "Richters, Alfred"]
[Black "Kaufhold, Thomas"]
[Result "1/2-1/2"]
[WhiteElo "1915"]
[BlackElo "2006"]
[PlyCount "45"]
[EventDate "2006.09.23"]
[EventType "team"]
[EventRounds "9"]
[EventCountry "GER"]
[SourceTitle "EXT 2008"]
[Source "ChessBase"]
[SourceDate "2007.11.25"]
[SourceVersion "1"]
[SourceVersionDate "2007.11.25"]
[SourceQuality "1"]
[WhiteTeam "Suedlohn II"]
[BlackTeam "Muenster SK III"]
[WhiteTeamCountry "GER"]
[BlackTeamCountry "GER"]

1. d4 Nf6 2. Nc3 d5 3. Bg5 e6 4. e4 Bb4 5. e5 h6 6. Bd2 Bxc3 7. bxc3 Ne4 8. Qg4 g6 9. Bd3 Nxd2 10. Kxd2 c5 11. Nf3 Nc6 12. h4 Qa5 13. Qf4 cxd4 14. Nxd4 Nxd4 15. Qxd4 Bd7 16. Rhb1 0-0-0 17. Rb4 b6 18. Rab1 Bc6 19. a4 Qc5 20. Bb5 Qxd4+ 21. cxd4 Bxb5 22. Rxb5 Kc7 23. R5b3 1/2-1/2

[Event "Muensterland Verbandsklasse-B 0607"]
[Site "Germany"]
[Date "2006.09.23"]
[Round "1.2"]
[White "Kaufhold, Thomas"]
[Black "Luetkehermoelle, Martin"]
[Result "1/2-1/2"]
[WhiteElo "2006"]
[BlackElo "1948"]
[PlyCount "44"]
[EventDate "2006.09.23"]
[EventType "team"]
[EventRounds "9"]
[EventCountry "GER"]
[SourceTitle "EXT 2008"]
[Source "ChessBase"]
[SourceDate "2007.11.25"]
[SourceVersion "1"]
[SourceVersionDate "2007.11.25"]
[SourceQuality "1"]
[WhiteTeam "Muenster SK III"]
[BlackTeam "Ochtrup"]
[WhiteTeamCountry "GER"]
[BlackTeamCountry "GER"]

1. d4 Nf6 2. c4 e5 3. dxe5 Ng4 4. Bf4 Nc6 5. Nf3 Bb4+ 6. Nbd2 Qe7 7. a3 Ngxe5 8. Nxe5 Nxe5 9. e3 Bxd2+ 10. Qxd2 a5 11. Qd4 d6 12. c5 0-0 13. cxd6 cxd6 14. Be2 f6 15. 0-0 Be6 16. Rfd1 Rfd8 17. Rac1 Rac8 18. h3 Bb3 19. Rxc8 Rxc8 20. Qxd6 Qxd6 21. Rxd6 Rc1+ 22. Kh2 Rc2 1/2-1/2

[Event "Muensterland Verbandsklasse-B 0506"]
[Site "Germany"]
[Date "2006.05.06"]
[Round "9.2"]
[White "Klein, Bjoern"]
[Black "Kaufhold, Thomas"]
[Result "0-1"]
[WhiteElo "1945"]
[BlackElo "1999"]
[PlyCount "76"]
[EventDate "2005.09.03"]
[EventType "team"]
[EventRounds "9"]
[EventCountry "GER"]
[SourceTitle "EXT 2006"]
[Source "ChessBase"]
[SourceDate "2005.11.24"]
[SourceVersion "1"]
[SourceVersionDate "2005.11.24"]
[SourceQuality "1"]
[WhiteTeam "Steinfurt"]
[BlackTeam "Muenster III"]
[WhiteTeamCountry "GER"]
[BlackTeamCountry "GER"]

1. d4 Nf6 2. c4 g6 3. Nc3 Bg7 4. Nf3 0-0 5. g3 d6 6. Bg2 c6 7. 0-0 Nbd7 8. e4 Qb6 9. Rb1 e5 10. dxe5 dxe5 11. Be3 Qb4 12. Qb3 a5 13. h3 Re8 14. Nd2 Nc5 15. Qc2 Ne6 16. a3 Qd6 17. b4 axb4 18. axb4 Nd4 19. Qb2 b6 20. Rfd1 Be6 21. Bf1 Nd7 22. b5 c5 23. Ra1 f5 24. f3 f4 25. Rxa8 Rxa8 26. Bf2 fxg3 27. Bxg3 Bh6 28. Kf2 Qf8 29. Ne2 Bxd2 30. Nxd4 Be3+ 31. Kxe3 cxd4+ 32. Kf2 Qc5 33. Kg2 Bxc4 34. Rc1 Bxf1+ 35. Kxf1 Qa3 36. Rc8+ Kf7 37. Qc2 Qxf3+ 38. Bf2 Ra1+ 0-1